00459nam a2200109Ia 4500008004100000050002500041100002500066245012400091260008600215300003300301521001500334140724s9999 xx 000 0 und d aTK 6655b.Ad243 2011 aAdriano, Mary Grace. 2aA video production featuring a pilot episode of a children's show highlighting the Aliwan Fiesta /cMary Grace Adriano. aLas Piñas, Philippines :bSouthville International School and Colleges,cc2011. a69 p. :bcol. Ill. ;c28 cm. aMedia Arts